• 首页
  • 本馆介绍
  • 公告通知
  • 最新文献
  • 馆藏检索
  • 电子资源
  • 读者导购
  • 参考咨询
  • 我的图书馆
  • 登录
  • 详细信息显示
  • 放入我的书架
  • 预约/预借图书
  • 作者相关作品
  • 分类相关作品
  • 丛书相关作品
  • 出版社相关作品

书目信息

  • 表格格式
  • 工作单格式
  • 卡片格式
题名:
学前儿童卫生与保育
    
 
作者: 李静 , 李旭 主编
分册:  
出版信息: 长沙   湖南大学出版社  2015.08
页数: 242页
开本: 26cm
丛书名:
单 册:
中图分类: R175
科图分类:
主题词: 学前儿童--卫生保健--高等学校--教材
电子资源:
ISBN: 978-7-5667-0900-4
000 00976nam0 2200265 450
001 0120151655948
005 20160512152259.39
010    @a978-7-5667-0900-4@dCNY35.00
100    @a20151029d2015 em y0chiy50 ea
101 0  @achi
102    @aCN@b430000
105    @aak z 000yy
106    @ar
200 1  @a学前儿童卫生与保育@9xue qian er tong wei sheng yu bao yu@f李静,李旭主编
210    @a长沙@c湖南大学出版社@d2015.08
215    @a242页@c图@d26cm
300    @a高等院校学前教育专业精品教材
330    @a本书简单地介绍了学前儿童的生理与心理及其生长发育规律,较为系统全面地阐述了学前儿童各方面的卫生知识与保育措施。全书共13章,即学前儿童生理、心理儿童心理发展、生长发育、膳食卫生、体育锻炼卫生、服饰卫生、生活卫生等。
333    @a高校学前教育专业师生
606 0  @a学前儿童@x卫生保健@x高等学校@j教材
690    @aR175@v5
701  0 @a李静@9li jing@4主编
701  0 @a李旭@9li xu@4主编
801  0 @aCN@b人天书店@c20151029
905    @b876094-99@dR175@e224@f6
    
    学前儿童卫生与保育/李静,李旭主编.-长沙:湖南大学出版社,2015.08
    242页:图;26cm
    高等院校学前教育专业精品教材.-使用对象:高校学前教育专业师生
    
    ISBN 978-7-5667-0900-4:CNY35.00
    本书简单地介绍了学前儿童的生理与心理及其生长发育规律,较为系统全面地阐述了学前儿童各方面的卫生知识与保育措施。全书共13章,即学前儿童生理、心理儿童心理发展、生长发育、膳食卫生、体育锻炼卫生、服饰卫生、生活卫生等。
●
相关链接 在E读中查询图书 在五车中查询图书 在当当中查询图书 在豆瓣中查询图书


正题名:学前儿童卫生与保育     索取号:R175/224         预约/预借

序号 登录号 条形码 馆藏地/架位号 状态 备注
1 876094   208760946   第二样本阅览室/ [索取号:R175/224] 在馆    
2 876095   208760955   教育系资料室/ [索取号:R175/224] 在馆    
3 876096   208760964   教育系资料室/ [索取号:R175/224] 在馆    
4 876097   208760973   教育系资料室/ [索取号:R175/224] 在馆    
5 876098   208760982   第三借阅区/ [索取号:R175/224] 在馆    
6 876099   208760991   第三借阅区/ [索取号:R175/224] 在馆    
唐山师范学院图书馆 欢迎您!
大连网信软件有限公司© 版权所有